| Tag |
First Indicator |
Second Indicator |
Subfields |
| LEADER |
00000cam a2200000 4500 |
| 001 |
in00000076395 |
| 005 |
20151008052704.0 |
| 008 |
770217s1948 nyu 000 0 eng |
| 010 |
|
|
|a 48002348
|
| 019 |
|
|
|a 498624
|
| 029 |
1 |
|
|a NLGGC
|b 192643444
|
| 035 |
|
|
|a (OCoLC)2746613
|
| 040 |
|
|
|a DLC
|b eng
|c DLC
|d DLC
|d WSU
|d SLU
|d XND
|d BOS
|d KEU
|d DEBBG
|d MEUBL
|d TULIB
|d OCLCF
|d IAD
|d CUH
|d CSJ
|d GILDS
|d BDP
|d DCT
|d IL4J6
|d OIP
|d COM
|d KWL
|d MIU
|
| 043 |
|
|
|a n-us---
|
| 049 |
|
|
|a TXAM
|
| 050 |
|
0 |
|a JK33
|b .P6
|
| 050 |
0 |
0 |
|a KF4549
|b .P68
|
| 055 |
|
3 |
|a JK265
|b P68
|
| 082 |
0 |
4 |
|a 342.73
|b P845
|
| 084 |
|
|
|a KM 72
|2 moys
|
| 092 |
|
|
|a 342.733
|b P857b
|
| 100 |
1 |
|
|a Post, C. Gordon
|q (Charles Gordon),
|d 1901-1997,
|e ed.
|
| 245 |
1 |
0 |
|a Basic constitutional cases,
|c ed., with introductory notes, by C. Gordon Post, Frances P. De Lancy [and] Fredryc R. Darby.
|
| 260 |
|
|
|a New York,
|b Oxford Univ. Press,
|c 1948.
|
| 264 |
|
1 |
|a New York :
|b Oxford Univ. Press,
|c 1948.
|
| 300 |
|
|
|a xvii, 312 p.
|c 25 cm.
|
| 336 |
|
|
|a text
|b txt
|2 rdacontent
|
| 337 |
|
|
|a unmediated
|b n
|2 rdamedia
|
| 338 |
|
|
|a volume
|b nc
|2 rdacarrier
|
| 505 |
0 |
|
|a Introduction : How the Supreme Court functions -- I. The development of the Constitution : Marbury v. Madison, Hawke v. Smith -- II. National supremacy and the implied powers : McCulloch v. Maryland -- III. The constitutional position of the states : Proprietors of the Charles River Bridge v. Proprietors of the Warren Bridge, Pacific States Telephone & Telegraph Co. v. State of Oregon, Williams et al. v. North Carolina -- IV. Federal-state relations : Coyle v. Smith -- V. Citizenship and aliens : Girouard v. United States -- VI. Civil rights : West Virginia State Board of Education et al. v. Barnette et al., Palko v. Connecticut, Olmstead v. United States -- VII. The suffrage : Smith v. Allwright -- VIII. The power of Congress to investigate : McGrain v. Daugherty -- IX. The president's removal power : Humphrey's Executor v. United States -- X. The delegation of legislative power : J.W. Hampton, Jr., & Company v. United States -- XI. The taxing power : United States v. Butler, Sonzinsky v. United States, New York et al. v. United States -- XII. The currency : Norman v. Baltimore & Ohio Railroad Co. -- XIII. Interstate commerce : Gibbons v. Ogden, Baldwin v. G.A.F. Seelig, Inc., Parker v. Brown -- XIV. Agriculture : Mulford v. Smith -- XV. Government and labor : National Labor Relations Board v. Jones & Laughlin Steel Corporation, United States v. Darby -- XVI. Social security : Steward Machine Co. v. Davis -- XVII. Foreign relations : United States v. Curtiss-Wright Export Corporation, Missouri v. Holland -- XVIII. National defense : selective draft law cases -- XIX. Military and civilian mobilization in wartime : Korematsu v. United States -- XX. Territories and dependencies : Balzac v. People of Porto Rico -- Appendix. List of justices appointed to the Supreme Court -- The Constitution of the United States of America.
|
| 610 |
2 |
7 |
|a Universidad Sergio Arboleda
|2 gnd
|0 (DE-588)5325141-6
|
| 650 |
|
0 |
|a Constitutional law
|z United States
|v Cases.
|
| 651 |
|
7 |
|a United States.
|2 fast
|0 (OCoLC)fst01204155
|
| 655 |
|
4 |
|a Cases.
|
| 700 |
1 |
|
|a De Lancy, Frances Priscilla,
|d 1908-
|e joint ed.
|
| 776 |
0 |
8 |
|i Online version:
|a Post, C. Gordon (Charles Gordon), 1903-
|t Basic constitutional cases.
|d New York, Oxford Univ. Press, 1948
|w (OCoLC)575434730
|
| 999 |
|
|
|a MARS
|
| 999 |
f |
f |
|s 70748cc0-63c0-3344-841c-042f6dd1c170
|i 01a095c8-855d-33e2-bce5-60e623f4961a
|t 0
|
| 952 |
f |
f |
|p ric
|a Texas A&M University
|b Rellis Campus
|c Joint Library Facility
|s JLF
|d Remote Storage
|t 0
|e JK33 P6
|h Library of Congress classification
|i unmediated -- volume
|m A14827040824
|